000 01864nam a2200277 a 4500
001 000007019
005 20250217092805.0
008 090904s2000 dr 000 0 spa d
040 _aDO-SdBNP
_bspa
_cBNPHU
082 _a253.25
_bJ91c
100 1 _aJuanes, Benigno
_d1916-2009
_9442
245 1 0 _aCon un corazón indiviso :
_b(el misterio de la virginidad y del celibato consagrado) /
_cBenigno Juanes, S.J.
260 _aSanto Domingo, :
_bAmigo del Hogar,
_c2000.
300 _a225 p. ;
_c22 cm.
490 1 _aSENDA
_v12
490 1 _aGuiones para una vida en Cristo
505 0 _gPrólogo --
_tCarácter teologal de la vida consagrada --
_tEl misterio de la virginidad y del celibato consagrado --
_tEl misterio de la virginidad y del celibato consagrado como signo --
_tLa vida consagrada misterio de comunidad de caridad --
_tEl misterio de la virginidad y del celibato consagrado como renuncia --
_tLa madurez afectiva y la castidad --
_t¿Es posible vivir la virginidad y el celibato con alegría interior? --
_tLa vida de comunidad, el compartir fraternal y su incidencia en vivir la virginidad y el celibato consagrado --
_tLa actitud de una discreta vigilancia --
_tLa serenidad interior y el interés por las cosas --
_tEl trabajo apostólico y la castidad consagrada --
_tLa intimidad con Dios en la oración --
_tEl amor a Jesucristo y la vivencia de la virginidad y del celibato consagrado --
_tLa Eucaristía y la castidad consagrada --
_tEl sacramento de la reconciliación y la castidad consagrada --
_tLa vida consagrada misterio de fe --
_gEpílogo.
590 _aInventariado, 2018/ YL
650 4 _aVoto de castidad
_919509
650 4 _aCelibato
_919510
650 4 _aVirginidad
_919511
650 4 _aVida religiosa
_915864
830 0 _aSENDA
_v12
_912405
830 0 _aGuiones para una vida en Cristo
_9446
910 _aValidado. Control de calidad EMS
999 _c6803
_d6803